00386nam a2200133 a 450000100100000000500170001000800410002704000250006808200150009310000270010824500490013526000400018430000280022400004288020201002040452.0090831s19uu dr a 000 0 spa d aDO-SdBNPbspacBNPHU axxxxbxxxx1 aRestrepo Merido, Pablo10aQuímica básica /cPablo Restrepo Merido. aSanto Domingo, :bSusaeta,c[19uu]. a395 p. :bil. ;c22 cm.